Anagrammes de Mots Français d'Origine Germanique - Statistiques

Statistiques générales
  • Ce quiz a été pris 67 fois
  • Le résultat moyen est 10 sur 20
Statistiques - réponses
Anagramme Mot Français % Correct
CIZN Zinc
95%
ESLVA Valse
92%
NLCBA Blanc
78%
BOUS Obus
73%
AQTUZR Quartz
71%
GBAEU Bague
66%
SBRAE Sabre
64%
CUHERB Bûcher
61%
EAHRAVCC Cravache
54%
REQUNTIR Trinquer
53%
DFUREO Foudre
47%
BERHEC Bécher
46%
MVAPRIE Vampire
42%
RATLEC Cartel
29%
LNELIOU Nouille
27%
LLBAEDRAEH Hallebarde
25%
BORERY Broyer
17%
CREOANDOC Accordéon
12%
IELEMUCE Leucémie
3%
MAMIPTARSEPG Pragmatisme
2%
Aucun quiz correspondant
Distribution des résultats
% des personnes avec chaque résultat
Percentile par nombre de réponses
Votre historique - résultats
Vous n’avez pas pris ce quiz